All bones of the Human Body - Statistics

General Stats
  • This quiz has been taken 424 times
  • The average score is 25 of 60
Answer Stats
Count Bones % Correct
24 Ribs
77%
2 Femur
74%
1 Mandible
74%
1 Sternum
74%
2 Ulna
72%
2 Humerus
70%
2 Radius
70%
2 Tibia
70%
1 Coccyx
67%
1 Coccyx
67%
2 Clavicle
66%
2 Fibula
65%
2 Scapula
63%
1 Frontal bone
62%
2 Patella
62%
1 Occipital bone
60%
2 Maxilla
59%
1 Sacrum
58%
1 Sacrum
58%
2 Zygomatic bones
58%
2 Temporal bones
56%
2 Nasal bones
53%
2 Parietal bones
52%
10 Metacarpals
46%
2 Malleus
45%
7 Cervical Vertebrae
42%
5 Lumbar Vertebrae
42%
10 Metatarsals
42%
1 Sphenoid bone
42%
2 Stapes
41%
12 Thoracic Vertebrae
41%
2 Incus
40%
1 Ethmoid bone
37%
2 Lacrimal bones
35%
2 Trapezoid bones
35%
2 Trapezium
34%
2 Calcaneus
32%
1 Vomer
32%
2 Lunate bones
31%
2 Scaphoid bones
31%
2 Talus
31%
2 Hamate bones
30%
2 Inferior Nasal Concha
29%
2 Navicular bones
28%
2 Capitate bones
27%
2 Cuboid bones
27%
2 Palatine bones
27%
2 Pisiform bones
27%
1 Hyoid bone
26%
2 Intermediate Cuneiform bones
26%
2 Triquetral bones
26%
2 Lateral Cuneiform bones
24%
2 Medial Cuneiform bones
24%
2 Hip bones
20%
10 Foot Distal Phalanges
7%
8 Foot Intermediate Phalanges
7%
10 Hand Distal Phalanges
7%
8 Hand Intermediate Phalanges
7%
10 Foot Proximal Phalanges
6%
10 Hand Proximal Phalanges
6%
No matching quizzes found
Score Distribution
Percent of People with Each Score
Percentile by Number Answered
Your Score History
You have not taken this quiz